Escultura Colombiana del siglo XX (Registro nro. 74132)

Detalles MARC
000 -ENCABEZADO
Número de control [NR] 00699nam a2200205Ia 4500
008 - DE LONGITUD FIJA DE DATOS DE ELEMENTOS - INFORMACIÓN GENERAL
Elementos de longitud fija [NR] 130821s1983 ck ao gr spa
040 ## - FUENTE DE CATALOGACION [NR]
Agencia de catalogación original [NR] Co-BoUCM
Idioma de catalogación [NR] spa
041 00 - CODIGO DE IDIOMA [R]
Código de idioma para texto/pista de sonido o título separado [R] Español
100 1# - ASIENTO PRINCIPAL--NOMBRE PERSONAL [NR]
Nombre personal [NR] Rubiano Caballero, Germán
ID Autoridad 105466
245 10 - MENCION DE TITULO [NR]
Título [NR] Escultura Colombiana del siglo XX
Mención de responsabilidad, etc. [NR] Germán Rubiano Caballero
260 ## - PUBLICACION, DISTRIBUCION, ETC. (PIE DE IMPRENTA) [R]
Lugar de publicación, distribución, etc. [R] Bogotá (Colombia)
Nombre del editor, distribuidor, etc. [R] Fondo Cultural Cafetero
Fecha de publicación, distribución, etc. [R] 1983
300 ## - DESCRIPCION FISICA [R]
Extensión [R] 210 páginas
Otros detalles físicos [NR] fotografías
650 ## - ASIENTO SECUNDARIO DE MATERIA - TERMINO TEMATICO [R]
Término temático o nombre geográfico como elemento de entrada [NR] Arte
9 (RLIN) 9444
650 ## - ASIENTO SECUNDARIO DE MATERIA - TERMINO TEMATICO [R]
Término temático o nombre geográfico como elemento de entrada [NR] Arte
Subdivisión geográfica [R] Colombia
9 (RLIN) 9444
650 ## - ASIENTO SECUNDARIO DE MATERIA - TERMINO TEMATICO [R]
Término temático o nombre geográfico como elemento de entrada [NR] Artistas colombianos
9 (RLIN) 9578
650 ## - ASIENTO SECUNDARIO DE MATERIA - TERMINO TEMATICO [R]
Término temático o nombre geográfico como elemento de entrada [NR] Escultura
Subdivisión general [R] Historia
Subdivisión cronológica [R] Siglo XX
9 (RLIN) 7585
650 ## - ASIENTO SECUNDARIO DE MATERIA - TERMINO TEMATICO [R]
Término temático o nombre geográfico como elemento de entrada [NR] Escultura
Subdivisión geográfica [R] Colombia
9 (RLIN) 7585
942 ## - ELEMENTOS DE ENTRADA AGREGADOS (KOHA)
Tipo de ítem principal el descrito en 300a Libro
Tema principal Arte
Edición 1
Parte restante de la signatura top. R869e
Sistema de clasificación DEWEY
Clasificación 730.9861
Existencias
Fecha de último préstamo Total préstamos Total Renewals Signatura topográfica Código de barras Última vez visto Ejemplar Price effective from Tipo de ítem Perdido Sistema de clasificación Dañado No prestable Tipo de ítem específico Suprimido Ubicación habitual Ubicación actual Localización Fecha de creación Forma de adquisición Costo
27/06/2019 1 1 730.9861 R869e 100116459 06/12/2025 Ej.1 03/02/2013 Libro   DEWEY     Libro   Claustro Claustro 2do piso 30/09/2012 Donación 26000.00